000 01805nam0a2200337 4500
001 RU\NLR\bibl\1077188
005 20241119151610.0
020 _aRU
_b06-22132
_9Летопись авторефератов диссертаций
021 _aRU
_b2006-14606а
_9585а
035 _a(NLR Aleph) 001064382
090 _a958853
_c958853
100 _a20061214d2006 u u0rusy50 ca
101 0 _arus
102 _aRU
105 _aa dm |||||
200 1 _aОрганизационно-экономический механизм развития зернового рынка
_e(теория, методология, практика)
_eавтореф. дис. на соиск. учен. степ. д-ра экон. наук
_eспециальность 08.00.05 <Экономика и упр. нар. хоз-вом>
_fЧарыкова Ольга Генсановна
_g[Воронеж. гос. аграр. ун-т им. К. Д. Глинки]
210 _aВоронеж
_d2006
215 _a49 с.
_cил.
_d21
320 _aБиблиогр.: с. 42-49 (76 назв.)
675 _a633.1:631.15
_v3
_zrus
686 _a68.35
_2rugasnti
686 _a42.11
_2rubbk
686 _a08.00.05
_2oksvnk
700 1 _aЧарыкова
_bО. Г.
_gОльга Генсановна
_4070
801 0 _aRU
_bRKP
_c20061214
_gPSBO
801 1 _aRU
_bRKP
_c20061214
801 2 _aRU
_bNLR
_c20070425
_grcr
901 _eАвторефераты
942 _cBOOK
981 1 0 _a(10) Авторефераты
_b(10) 08.00.00 Экономические науки
_b08.00.05 Экономика и управление народным хозяйством (по отраслям и сферам деятельности)